| 000 | 00501nam a2200169Ia 4500 | ||
|---|---|---|---|
| 003 | OSt | ||
| 005 | 20230608160943.0 | ||
| 008 | 210423s2005 xx 000 0 und d | ||
| 040 | _cAL | ||
| 082 |
_a362.8 BEHF _223 |
||
| 100 |
_aBEHURA (N K);MOHANTY (R P). _9122867 |
||
| 245 | _aFamily welfare in india: a cross cultural study. | ||
| 260 |
_aNew Delhi _bDiscovery Publishing House _c2005 |
||
| 365 |
_b375 _cINR |
||
| 906 | _across ; cultural ; Family ; india: ; study. ; welfare | ||
| 942 |
_2ddc _cBK |
||
| 999 |
_c174089 _d174089 |
||